LEADER 01464nam a2200337 u 4500 001 000000089707 003 CaOOAMICUS 005 20070226124639.0 008 051125s1957 it u000 u ita u 035 $a11070600 040 $aPUL(R)$bita 110 2 $aPapi (1878-1903 : Leo PP. XIII).$0(OLS)http://pul/name/1187 245 10$aEncicliche allocuzioni e messaggi sociali /$cdi Leone XIII, Pio XI e Pio XII. 250 $a3. ed. rinnovata /$bcon introduzione di Francesco Vito. 260 $aMilano :$bVita e pensiero,$cstampa 1957. 300 $axii, 314 p. ;$c25 cm 504 $aInclusi riferimenti bibliografici. 650 4$aEncicliche sociali.$0(OLS)http://pul/subject/119 710 2 $aPapi (1939-1958 : Pius PP. XII).$0(OLS)http://pul/name/3722 710 2 $aPapi (1922-1939 : Pius PP. XI).$0(OLS)http://pul/name/3293 850 $aPUL 852 $aPUL$W1$xDP1 Fondo Pastorale$y55$mP13 B 194$j113366$nBK-PRI$b $qFondi$B113366$CPULBib$Z2$F113366 $H $81 900 $aLeo PP.$bXIII,$d1810-1903$91187 900 $aLeo PP.$bXIII,$d1810-1903$91187 900 $aPius PP.$bXI,$d1857-1939$93293 900 $aPius PP.$bXI,$d1857-1939$93293 900 $aPius PP.$bXII,$d1876-1958$93722 900 $aPius PP.$bXII,$d1876-1958$93722 941 1 $a1 996 $6245$aEncicliche allocuzioni e messaggi sociali$9(OLS)http://pul/title/115827 996 $6260$aMilano :$bVita e pensiero$9(OLS)http://pul/publisher/48016 LEADER 01493nam a2200325 u 4500 001 000000065774 003 CaOOAMICUS 005 20070226121513.0 008 011214s1986 fr u000 u fre u 020 $a2204024031 035 $a10914180 040 $aPUL$bita 041 1 $afre$heng 100 1 $aSchüssler Fiorenza, Elizabeth.$0(OLS)http://pul/name/23703 240 10$aIn memory of her.$lFrancese.$0(OLS)http://pul/title/87440 245 10$aEn mémoire d'elle :$bessai de reconstruction des origines chrétiennes selon la théologie féministe /$cElisabeth Schüssler Fiorenza ; traduit de l'américain par Marcelline Brun. 260 $aParis :$bCerf,$c1986. 300 $a482 p. ;$c24 cm 490 1 $aCogitatio fidei ;$v136 500 $aContiene indice dei contenuti. 504 $aBibliografia in nota. 650 4$aDonne nel cristianesimo.$0(OLS)http://pul/subject/9377 700 1 $aBrun, Marcel.$0(OLS)http://pul/name/44209 830 0$aCogitatio fidei ;$v136.$0(OLS)http://pul/title/876 850 $aPUL 852 $aPUL$W1$xSL Religione 2$y84$mTheol A13 136$j85101$nBK-PRI$b $qStampati altre collocazioni$B85101$CPULBib$Z2$F85101 $H $81 941 1 $a10 996 $6020$a2204024031$9(OLS)http://pul/number/85302 996 $6245$aEn mémoire d'elle :$bessai de reconstruction des origines chrétiennes selon la théologie féministe$9(OLS)http://pul/title/87441 996 $6260$aParis :$bCerf$9(OLS)http://pul/publisher/48238